000 00286nam a22001217a 4500
008 160503b xxu||||| |||| 00| 0 eng d
020 _a0394582489
020 _a0394582462
041 _aeng
080 _a61
245 _aHome medical encyclopedia:
_cCharles B. Clyman;
942 _2udc
_cBK
999 _c1734
_d1734